000
00250nam a22001217a 4500
008
171220b xxu||||| |||| 00| 0 eng d
041
_a
eng
080
_a
611
100
_a
7
101
_a
ANA
245
_a
ADAM ACTION
_c
KAREN.M.L
942
_2
udc
_c
BK
999
_c
39238
_d
39238